| Record ID | ia:startreklogten0000fost |
| Source | Internet Archive |
| Download MARC XML | https://archive.org/download/startreklogten0000fost/startreklogten0000fost_marc.xml |
| Download MARC binary | https://www.archive.org/download/startreklogten0000fost/startreklogten0000fost_meta.mrc |
LEADER: 01257cam 2200361Ii 4500
001 ocm03563236
003 OCoLC
005 20211129012643.0
008 780117s1978 nyu 000 1 eng d
010 $a 74008477
040 $aGUA$beng$cGUA$dDPL$dOCLCQ$dOCLCG$dXFG$dYDXCP$dOCLCQ$dOCLCF$dOCLCQ$dOCLCO$dOCLCQ$dIPU
020 $a0345272129$q(pbk.)
020 $a9780345272126$q(pbk.)
035 $a(OCoLC)3563236
050 4 $aPZ3.F675$bS8
050 14 $aPS3568.O32$bS60
082 04 $a813.54
100 1 $aFoster, Alan Dean,$d1946-
245 10 $aStar Trek log ten /$cAlan Dean Foster ; based on the popular animated series created by Gene Roddenberry.
250 $a1st ed.
260 $aNew York :$bBallantine Books,$c1978.
300 $a250 pages ;$c18 cm.
336 $atext$btxt$2rdacontent
337 $aunmediated$bn$2rdamedia
338 $avolume$bnc$2rdacarrier
490 0 $aA Del Rey book
630 00 $aStar trek (Television program)
650 0 $aScience fiction, American.
630 07 $aStar trek (Television program)$2fast$0(OCoLC)fst01356215
650 7 $aScience fiction, American.$2fast$0(OCoLC)fst01108635
938 $aYBP Library Services$bYANK$n7817206
994 $aZ0$bP4A
948 $hNO HOLDINGS IN P4A - 57 OTHER HOLDINGS